Central Library OPAC University of Rajshahi

ওজারতির দুই বছর : (Record no. 74217)

MARC details
000 -LEADER
fixed length control field 01463nam a2200289 a 4500
001 - CONTROL NUMBER
control field 74217
003 - CONTROL NUMBER IDENTIFIER
rucl marc code BD-RjUL
005 - DATE AND TIME OF LATEST TRANSACTION
control field 20211209082520.0
008 - FIXED-LENGTH DATA ELEMENTS--GENERAL INFORMATION
fixed length control field 180404s2017 bg ||||| |||| 00| 0 ben d
020 ## - INTERNATIONAL STANDARD BOOK NUMBER
International Standard Book Number 9789849240211
Terms of availability : Tk. 450.00
035 ## - SYSTEM CONTROL NUMBER
System control number (BD-RjUL)74435
040 ## - CATALOGING SOURCE
Original cataloging agency BD-RjUL
Language of cataloging ben
Transcribing agency BD-RjUL
Modifying agency BD-RjUL
041 ## - LANGUAGE CODE
Language code of text/sound track or separate title ben
082 ## - DEWEY DECIMAL CLASSIFICATION NUMBER
Classification number 954.9204
Author mark and year KHO 2017
Edition number 23
100 1# - MAIN ENTRY--PERSONAL NAME
Personal name খান, আতাউর রহমান
9 (RLIN) 119519
245 1# - TITLE STATEMENT
Title ওজারতির দুই বছর :
Remainder of title মুখ্যমন্ত্রিত্বের দিনগুলি ১৯৫৬-৫৮ /
Statement of responsibility, etc. আতাউর রহমান খান
250 ## - EDITION STATEMENT
Edition statement ১ম প্রথমা সং.
260 ## - PUBLICATION, DISTRIBUTION, ETC. (IMPRINT)
Place of publication, distribution, etc. ঢাকা :
Name of publisher, distributor, etc. প্রথমা প্রকাশন,
Date of publication, distribution, etc. ২০১৭
300 ## - PHYSICAL DESCRIPTION
Pagination ২৫৪ পৃ. ;
Size ২২ সেমি.
490 ## - SERIES STATEMENT
Series statement সমাজ-ইতিহাস গ্রন্থমালা :
Volume/sequential designation
651 ## - SUBJECT ADDED ENTRY--GEOGRAPHIC NAME
Geographic name বাংলাদেশ
General subdivision রাজনীতি এবং সরকার।
Chronological subdivision ১৯৫৬-১৯৫৮ খ্রিষ্টাব্দ
9 (RLIN) 248627
Geographic name Bangladesh
General subdivision Politics and government.
Chronological subdivision 1956-1958 A. D
9 (RLIN) 248628
Geographic name বাংলাদেশ
General subdivision ইতিহাস
Chronological subdivision ১৯৫৬-১৯৫৮ খ্রিষ্টাব্দ
9 (RLIN) 248629
Geographic name Bangladesh
General subdivision History
Chronological subdivision 1956-1958 A. D
9 (RLIN) 248630
830 ## - SERIES ADDED ENTRY--UNIFORM TITLE
Uniform title সমাজ-ইতিহাস গ্রন্থমালা :
Volume number/sequential designation
942 ## - ADDED ENTRY ELEMENTS (KOHA)
Source of classification or shelving scheme Dewey Decimal Classification
Koha item type Books
Holdings
Lost status Source of classification or shelving scheme Damaged status Not for loan Collection code Permanent Location Current Location Shelving location Date acquired Source of acquisition Cost, normal purchase price Total Checkouts Full call number Date last seen Copy number Koha item type
  Dewey Decimal Classification   Not For Loan Non-fiction Central Library, University of Rajshahi Central Library, University of Rajshahi Reading Room 11/03/2017 Biddashagor, Rajshahi 450.00   B 954.9204 KHO 2017 04/04/2018 C-1 Books
  Dewey Decimal Classification     Non-fiction Central Library, University of Rajshahi Central Library, University of Rajshahi   11/03/2017 Biddashagor, Rajshahi 450.00   B 954.9204 KHO 2017 04/04/2018 C-2 Books
  Dewey Decimal Classification     Non-fiction Central Library, University of Rajshahi Central Library, University of Rajshahi   11/03/2017 Biddashagor, Rajshahi 450.00   B 954.9204 KHO 2017 04/04/2018 C-3 Books